| 000 | 01387nam0a22002891 4500 | ||
|---|---|---|---|
| 001 | v19\rc\1414265 | ||
| 005 | 20260406210229.0 | ||
| 035 | _a(NLR Aleph) 004542253 | ||
| 090 |
_a2023221 _c2023221 |
||
| 100 | _a20060512d18801880|||y0rusy50 ca | ||
| 101 | 0 | _arus | |
| 102 | _aRU | ||
| 105 | _ay z ||||| | ||
| 200 | 1 |
_aУстав Православного церковного братства св. апостолов Петра и Павла в г. Петрозаводске _e[Утв. 20 мая 1880 г.] |
|
| 210 |
_aПетрозаводск _d1880 |
||
| 215 | _a7 с. | ||
| 309 | _aБез тит. л. и обл. | ||
| 311 | _aПерепеч. из № 39 "Олонец. губ. вед." 1880 г. | ||
| 488 | 0 |
_12001#$aОлонецкие губернские ведомости$v1880, № 39 _tОлонецкие губернские ведомости |
|
| 532 | 1 | 2 | _aУстав Православного церковного братства святых апостолов Петра и Павла в г. Петрозаводске |
| 710 | 0 | 2 |
_aПетрозаводское православное церковное братство св. апостолов Петра и Павла _3RU\NLR\AUTH\889967021 _9430400 |
| 801 | 0 |
_aRU _bNLR _gpsbo |
|
| 801 | 0 |
_aRU _bRuMoRGB _2psbo |
|
| 801 | 1 |
_aRU _bProSoft-M _2rusmarc |
|
| 852 |
_aNLR _j18.139.1.108 |
||
| 942 | _cBOOK | ||
| 980 | _aNB | ||